Gaming Quiz

Random Gaming Quiz

RPGs by Villains Quiz Stats

 Plays Quiz not verified by Sporcle

Also try: Find the Cards!
Challenge
Share
Tweet
Embed
Score 0/30 Timer 10:00
0 Plays Today
Villain Game % Correct
Kefka, Ultros, DoomgazeFinal Fantasy 6
96%
Rufus, Hojo, SephirothFinal Fantasy 7
96%
Garland, Chaos, TiametFinal Fantasy
95.4%
Zeromus, Rubicant, BaiganFinal Fantasy 4
92%
Lavos, Magus, AzalaChrono Trigger
88.5%
Ansem, Maleficent, HookKingdom Hearts
80.5%
Wiegraf, Algus, UltimaFinal Fantasy Tactics
59.8%
Smithy, Booster, CrocoMario RPG
59.2%
Mithos, Kvar, RodyleTales of Symphonia
50%
Ramsus, Miang, HammerXenogears
50%
Alex, Saturos, MenardiGolden Sun
49.4%
Luca, Seed, CulganSuikoden 2
48.3%
Albedo, Margulis, WilhelmXenosaga
47.7%
Saren, Benezia, SovereignMass Effect
44.8%
Zog, Myria, JadeBreath of Fire
43.7%
Villain Game % Correct
Luc, Sarah, YuberSuikoden 3
43.1%
Jin, Takaya, ChidoriPersona 3
41.4%
Gades, Daos, AmonLufia
40.2%
Ghaleon, Xenobia, RoyceLunar
39.7%
Galcian, Ramirez, PiastolSkies of Arcadia
37.9%
Van, Dist, SyncTales of the Abyss
35.6%
Rasso, Fou Lu, YohmBreath of Fire 4
33.9%
Zera, Melfice, ValmarGrandia 2
32.2%
Vulcanus, Lamington, Dark AdonisDisgaea
29.9%
Nergal, Ephidel, DarinFire Emblem
29.3%
Indalecio, Vesper, CyrilStar Ocean 2
27.6%
Zophar, Borgan, LunnLunar 2
26.4%
Albert Simon, Olga, DehuaiShadow Hearts
23.6%
Rashidi, Gares, EndoraOgre Battle
20.7%
Lans, Oz, LeonardTactics Ogre
17.2%

You're not logged in!

Compare scores with friends on all Sporcle quizzes.
OR
Log In

You Might Also Like...

Show Comments

Extras

Created Mar 17, 2012ReportNominate
Tags:Bad Guys, enemy, rpg, villains

Top Quizzes Today


Score Distribution

Your Account Isn't Verified!

In order to create a playlist on Sporcle, you need to verify the email address you used during registration. Go to your Sporcle Settings to finish the process.

Report this User

Report this user for behavior that violates our Community Guidelines.

Details: